000 01031nas a2200325 4500
001 BR0204953
003 BR-BrBNA
005 20231205103257.0
007 ta
008 230509b bl.|||p| |||| 00| 00por d
040 _aBR-BrBNA
_bpor
_cBiblioteca Nacional de Agricultura
041 _a(Pt)
072 _aQ04; N20
100 1 _aPark, K.J.
100 1 _aIto, A.P.
100 1 _aLeite, J.T. de C.
245 1 _aInfluência da granulometria, do diâmetro e do comprimento de amostras de grãos triturados em soja na determinação de coeficientes simultâneos de transferência
650 _aSOJA
650 _aGRÃO
650 _aGRANULOMETRIA
650 _aDIÂMETRO
650 _aCOMPRIMENTO
650 _aTEMPERATURA
650 _aUMIDADE
650 _aCONDUTIVIDADE TÉRMICA
650 _aEQUIPAMENTO AGRÍCOLA
773 0 _tCiência e Tecnologia de Alimentos (Brazil)
_xISSN 0101-2061
_g(May-Aug 2002), v. 22(2) p. 136-142
_wBR0204953
909 _a202311
_bLúcia
_c55
_dLúcia Elande
942 _2AGRIS
_n0
_cANA
999 _c172033
_d172033